01190agaaa2200241 45000010005000000030009000050050017000140070009000310080040000400400023000800410013001031000048001161300081001642450226002452500022004712600084004933000033005775200177006105380016007875460013008036500072008167000060008883994IT-RoPAU20220918181310.0d cvaizq50131s9999||||xx ||| | || ||und|| aIT-RoPAUcIT-RoPAU aFRANCESE aTanant MauricegCodice regista SPICS: 35343 aMESSE A MEAUX: CATHEDRALE SAINT ETIENNE-AVENT 91 (DIMANCHE 4.EME DE L'AVENT) aMESSE A MEAUX: CATHEDRALE SAINT ETIENNE-AVENT 91 (DIMANCHE 4.EME DE L'AVENT)cDiretto da: Tanant MauricepMESSE A MEAUX: CATHEDRALE SAINT ETIENNE-AVENT 91 (DIMANCHE 4.EME DE L'AVENT) (Rif. Codice opera principale : A3994) aEdizione Standard a(FRANCIA)bANTENNE 2 - CFRT / c"1991 (1° ed.: 1991 ; Ed. Lingua Orig.: 1991)" aVHSbsonoro, col.c60 minuti aLE JOUR DE SEIGNEUR PRESENTE:AVENT 91 DIOCESE DE MEAUX CATHEDRALE SAINT ETHIENNE (SEINE ET MARNE) DIMANCHE 4EME DE L'AVENTMESSA DELLA QUARTA DOMENICA DI AVVENTO IN FRANCESE aPAL, STEREO aFRANCESE aRELIGIOSOeTV-PROGRAMMI RELIGIOSI [VHS]xCodice MATERIA SPICS: 9963 aTanant Maurice e(regista)gCodice regista SPICS: 35343